[Event "9. LGA Premium Cup 2012"]
[Site "Nürnberg"]
[Date "2012.09.08"]
[Round "5.12"]
[White "Farago, Ivan"]
[Black "Richter, Christian"]
[Result "1/2-1/2"]
[WhiteElo "2486"]
[BlackElo "2362"]
[PlyCount "115"]
[EventDate "2012.??.??"]
[WhiteTeam "SV Griesheim(DA)"]
[BlackTeam "Schachklub Turm Emsdetten e.V."]

1. d4 d5 2. c4 dxc4 3. e3 e5 4. Bxc4 exd4 5. exd4 Nf6 6. Nf3 Be7 7. O-O O-O 8.
h3 Nbd7 9. Nc3 Nb6 10. Bb3 Nbd5 11. Re1 c6 12. Bg5 h6 13. Bh4 Be6 14. Ne5 Re8
15. Qf3 Nc7 16. Bxf6 Bxf6 17. Ne4 Nb5 18. Rad1 Nd6 19. Nxf6+ Qxf6 20. Qxf6 gxf6
21. Ng4 Bxg4 22. hxg4 Kf8 23. a4 Rxe1+ 24. Rxe1 Re8 25. Kf1 Rxe1+ 26. Kxe1 Ke7
27. Ke2 a5 28. Kd3 b6 29. Bd1 c5 30. Bb3 Kd8 31. Bd5 Kd7 32. b3 Ke7 33. dxc5
bxc5 34. f4 Kd8 35. Ke3 Kd7 36. Kf3 Ke7 37. Kg3 Kf8 38. Kh4 Kg8 39. Bc4 Kg7 40.
Bd3 Kf8 41. g5 hxg5+ 42. fxg5 Ke7 43. Kg4 Ke6 44. gxf6 Kxf6 45. Kf4 Ke6 46.
Bc4+ Nxc4 47. bxc4 f5 48. g3 Kf6 49. Ke3 Ke5 50. Kd3 f4 51. g4 f3 52. Ke3 f2
53. Kxf2 Kf4 54. g5 Kxg5 55. Kg3 Kf5 56. Kf3 Ke5 57. Ke3 Kf5 58. Kf3 1/2-1/2

[Event "9. LGA Premium Cup 2012"]
[Site "Nürnberg"]
[Date "2012.09.08"]
[Round "5.14"]
[White "Pezerovic, Edin"]
[Black "Klundt, Klaus"]
[Result "1-0"]
[WhiteElo "2459"]
[BlackElo "2347"]
[PlyCount "121"]
[EventDate "2012.??.??"]
[WhiteTeam "Münchener SC 1836 e.V."]
[BlackTeam "SC Heusenstamm"]

1. d4 d5 2. Nf3 Nf6 3. Bg5 Ne4 4. Bf4 c5 5. e3 Nc6 6. c4 e6 7. cxd5 Qa5+ 8.
Nfd2 exd5 9. dxc5 Bxc5 10. a3 Nxd2 11. Nxd2 Be7 12. b4 Qb6 13. Bd3 Bf6 14. Rb1
O-O 15. O-O g6 16. Qf3 Be6 17. Bh6 Bg7 18. Bxg7 Kxg7 19. Qf4 Rac8 20. Rbc1 a5
21. b5 Ne7 22. Nf3 Rxc1 23. Rxc1 Rc8 24. Rxc8 Nxc8 25. Ng5 Qd6 26. Qd4+ f6 27.
f4 Bg8 28. Qc3 Qb6 29. Kf2 d4 30. Qxc8 dxe3+ 31. Ke2 fxg5 32. fxg5 Bf7 33. Qc3+
Kg8 34. Qc8+ Kg7 35. Qc3+ Kg8 36. Qe5 Qd8 37. Kxe3 Qf8 38. a4 Qb4 39. Qb8+ Kg7
40. Qxb7 Qe1+ 41. Kf3 Qd1+ 42. Be2 Qxa4 43. Qe4 Qb3+ 44. Kf2 a4 45. Qd4+ Kg8
46. Qd8+ Kg7 47. Qd4+ Kg8 48. b6 a3 49. Qd8+ Kg7 50. Qd4+ Kg8 51. Bf3 a2 52.
Qd8+ Kg7 53. Qf6+ Kg8 54. b7 Qc2+ 55. Kg3 Qc7+ 56. Kh3 Qd7+ 57. g4 Qc7 58. Qb2
Qb8 59. Kg2 Be6 60. h4 Bf7 61. h5 1-0

[Event "9. LGA Premium Cup 2012"]
[Site "Nürnberg"]
[Date "2012.09.08"]
[Round "5.17"]
[White "Schuster, Karsten"]
[Black "Meinhardt, Maximilian"]
[Result "1/2-1/2"]
[WhiteElo "2266"]
[BlackElo "2397"]
[PlyCount "38"]
[EventDate "2012.??.??"]
[WhiteTeam "SC Gröbenzell"]
[BlackTeam "SC 1934 Viernheim"]

1. d4 d5 2. c4 e6 3. Nf3 c5 4. cxd5 exd5 5. g3 Nc6 6. Bg2 Nf6 7. O-O Be7 8.
dxc5 Bxc5 9. a3 O-O 10. b4 Bb6 11. Bb2 Ne4 12. Nc3 Nxc3 13. Bxc3 d4 14. Bb2 a6
15. Qd3 Qf6 16. Rad1 Rd8 17. Rd2 Bf5 18. Qb3 Be6 19. Qd1 Rd7 1/2-1/2

[Event "9. LGA Premium Cup 2012"]
[Site "Nürnberg"]
[Date "2012.09.08"]
[Round "5.18"]
[White "Carow, Annelen"]
[Black "Zude, Erik"]
[Result "0-1"]
[WhiteElo "1968"]
[BlackElo "2395"]
[PlyCount "68"]
[EventDate "2012.??.??"]
[WhiteTeam "Sfr.Heidesheim"]
[BlackTeam "SV 1920 Hofheim"]

1. d4 Nf6 2. c4 g6 3. Nc3 Bg7 4. e4 d6 5. f3 O-O 6. Be3 a6 7. Nge2 Nbd7 8. Qd2
c5 9. d5 Qa5 10. Ng3 b5 11. cxb5 Nb6 12. a4 Ne8 13. Bh6 Bxh6 14. Qxh6 Qb4 15.
Qc1 axb5 16. Bxb5 Nc7 17. Bc6 Rb8 18. O-O Ba6 19. Re1 Nc4 20. Rb1 Nxb2 21. Nb5
Bxb5 22. axb5 Qd4+ 23. Qe3 Nxb5 24. Bxb5 Qxe3+ 25. Rxe3 Rxb5 26. Ra3 Rfb8 27.
Ne2 Nc4 28. Rxb5 Rxb5 29. Ra7 Rb2 30. Kf2 Kf8 31. h4 h5 32. Rc7 Ra2 33. Rb7 Nb2
34. Ke3 Nd1+ 0-1

[Event "9. LGA Premium Cup 2012"]
[Site "Nürnberg"]
[Date "2012.09.08"]
[Round "5.19"]
[White "Maier, Alexander"]
[Black "Braun, Arik"]
[Result "0-1"]
[WhiteElo "2303"]
[BlackElo "2557"]
[PlyCount "80"]
[EventDate "2012.??.??"]
[WhiteTeam "SK Ingolstadt"]
[BlackTeam "SC Eppingen"]

1. e4 c6 2. Nc3 d5 3. Nf3 Bg4 4. h3 Bxf3 5. Qxf3 e6 6. a3 g6 7. d3 Bg7 8. Bd2
Nd7 9. g3 Ne7 10. Bg2 O-O 11. Qe2 Qb6 12. O-O Qa6 13. Bg5 Bf6 14. h4 Rfe8 15.
Qf3 Kg7 16. Rfe1 Qb6 17. Rab1 Qc5 18. Bxf6+ Nxf6 19. Rbc1 Rad8 20. Bh3 Nc8 21.
Re2 Nb6 22. Rce1 Qd4 23. Rd1 dxe4 24. dxe4 Qe5 25. Ree1 h6 26. Bf1 g5 27. hxg5
hxg5 28. Qe3 g4 29. b3 Rh8 30. Rd3 Rxd3 31. Qxd3 Nbd7 32. Bg2 Qh5 33. Qe3 Ne5
34. Rd1 c5 35. Kf1 b6 36. Rd6 Nf3 37. Ne2 Qe5 38. Rd1 Qxe4 39. Qxe4 Nxe4 40.
Ng1 Rh2 0-1

[Event "9. LGA Premium Cup 2012"]
[Site "Nürnberg"]
[Date "2012.09.08"]
[Round "5.20"]
[White "Kunin, Vitaly"]
[Black "Menacher, Manfred"]
[Result "1-0"]
[WhiteElo "2511"]
[BlackElo "2288"]
[PlyCount "113"]
[EventDate "2012.??.??"]
[WhiteTeam "Freibauer Mörlenbach-Birkenau"]
[BlackTeam "TSV Wacker Neutraubling"]

1. d4 d5 2. c4 c6 3. Nf3 Nf6 4. Nc3 dxc4 5. a4 Bf5 6. e3 e6 7. Bxc4 Bb4 8. O-O
O-O 9. Qe2 h6 10. e4 Bh7 11. Bd3 Nbd7 12. Bf4 Re8 13. Rad1 Qa5 14. Nd2 Bxc3 15.
bxc3 Qxc3 16. Nc4 Qxd4 17. Nd6 Qxa4 18. Ra1 Qd4 19. Nxe8 Nxe8 20. Be3 Qe5 21.
f4 Qb8 22. e5 Bxd3 23. Qxd3 Nf8 24. Rfb1 Nc7 25. Bc5 Nb5 26. Kh1 Ng6 27. Qg3
Qe8 28. Rf1 b6 29. Bd6 Nd4 30. Ra6 Qc8 31. Qa3 Qb7 32. Ra4 c5 33. Qb2 Qe4 34.
Qd2 a5 35. h3 Rc8 36. Ra3 b5 37. Re3 Qd5 38. Qxa5 Nh4 39. Rf2 Nhf5 40. Re1 Nxd6
41. exd6 Qxd6 42. Rd1 b4 43. Qa4 Qd5 44. Qa6 Ra8 45. Qb6 b3 46. Rb2 Qc4 47. Qb7
Qa6 48. Rxb3 Qxb7 49. Rxb7 Ne2 50. Kh2 c4 51. Rdd7 Nxf4 52. Rxf7 Nd5 53. Rxg7+
Kh8 54. Rg6 Re8 55. Rxh6+ Kg8 56. Rbh7 Nf6 57. Rc7 1-0

[Event "9. LGA Premium Cup 2012"]
[Site "Nürnberg"]
[Date "2012.09.08"]
[Round "5.21"]
[White "Holzhäuer, Mathias"]
[Black "Mainka, Romuald"]
[Result "1/2-1/2"]
[WhiteElo "2274"]
[BlackElo "2457"]
[PlyCount "122"]
[EventDate "2012.??.??"]
[WhiteTeam "SK Schmiden/Cannstatt"]
[BlackTeam "Schachclub Hansa Dortmund e.V."]

1. e4 c5 2. Nc3 d6 3. f4 g6 4. Nf3 Bg7 5. Bb5+ Bd7 6. Bc4 Nc6 7. a3 e6 8. O-O
Nge7 9. d3 O-O 10. Kh1 Nd4 11. Nxd4 cxd4 12. Ne2 Bc6 13. Bb3 Qd7 14. Qe1 Ba4
15. Bxa4 Qxa4 16. b3 Qc6 17. Ra2 f5 18. Ng3 Rae8 19. Qb4 Kh8 20. Bb2 e5 21. c4
Qd7 22. Bc1 Nc6 23. Qb5 exf4 24. Bxf4 fxe4 25. dxe4 Be5 26. Raf2 Bxf4 27. Rxf4
Rxf4 28. Rxf4 Re5 29. c5 dxc5 30. Qf1 Kg7 31. Ne2 Qe7 32. Qf3 Re6 33. h3 Ne5
34. Qg3 Nf7 35. Qd3 Ne5 36. Qg3 Rd6 37. Rf1 Kg8 38. Nf4 Rf6 39. Rg1 Rf7 40. Rc1
Nd7 41. Nd3 Qxe4 42. Nxc5 Nxc5 43. Rxc5 Qe6 44. Re5 Qc6 45. Re1 Qd5 46. Re5 Qd7
47. Qd3 Rf6 48. Qc4+ Qf7 49. Qxd4 Rf1+ 50. Kh2 Qc7 51. Qc4+ Qxc4 52. bxc4 Kg7
53. Rd5 Rf7 54. Kg3 Kf8 55. Rc5 Kg7 56. Kg4 Kf6 57. h4 Rd7 58. h5 Rd4+ 59. Kf3
Rd3+ 60. Ke4 Rxa3 61. Rc7 b6 1/2-1/2

[Event "9. LGA Premium Cup 2012"]
[Site "Nürnberg"]
[Date "2012.09.08"]
[Round "5.22"]
[White "Heinz, Axel"]
[Black "Afek, Yochanan"]
[Result "1-0"]
[WhiteElo "2456"]
[BlackElo "2301"]
[PlyCount "141"]
[EventDate "2012.??.??"]
[WhiteTeam "TSV Bindlach Aktionär-Schachabte"]
[BlackTeam "Schachverein Castrop-Rauxel 1923"]

1. e4 c5 2. Nf3 Nf6 3. e5 Nd5 4. Nc3 e6 5. Nxd5 exd5 6. d4 d6 7. Bb5+ Nc6 8.
O-O Be7 9. Bf4 O-O 10. exd6 Bxd6 11. Bxd6 Qxd6 12. dxc5 Qxc5 13. Bd3 Nb4 14. c3
Nxd3 15. Qxd3 Bg4 16. Nd4 Rfe8 17. Rfe1 Rad8 18. Re3 Rxe3 19. Qxe3 Bd7 20. Re1
h6 21. Qg3 Qc8 22. h3 Re8 23. Rxe8+ Qxe8 24. Qc7 Bc8 25. Nc2 Qd7 26. Qb8 b6 27.
Ne3 Kh7 28. Qe5 Bb7 29. Nf5 f6 30. Qf4 Qe6 31. Ne3 Bc6 32. Qc7 Qd7 33. Qf4 Qe6
34. a3 Qe5 35. Qg4 Qe8 36. Qf5+ Kh8 37. h4 Qd8 38. Qe6 Bb7 39. Qf7 Qc8 40. h5
a6 41. g4 Bc6 42. Nf5 Qd7 43. Qe7 Kg8 44. f3 Ba4 45. Kf2 d4 46. cxd4 Qxe7 47.
Nxe7+ Kf7 48. Nd5 b5 49. Nc7 a5 50. Ke3 b4 51. axb4 axb4 52. Na6 f5 53. Nxb4
fxg4 54. fxg4 Ke6 55. Nd3 Be8 56. Ne5 Kd5 57. b3 Bb5 58. Nd3 Bd7 59. Nf4+ Kc6
60. Kf3 Kb5 61. Nd3 Be8 62. Kf4 g6 63. hxg6 Bxg6 64. Nc5 Bc2 65. Ke5 Bd1 66.
Kf5 Kc6 67. b4 Kd5 68. b5 Be2 69. b6 Kc6 70. b7 Kc7 71. d5 1-0

[Event "9. LGA Premium Cup 2012"]
[Site "Nürnberg"]
[Date "2012.09.08"]
[Round "5.24"]
[White "Zimmermann, Ulrich"]
[Black "Lanka, Zigurds"]
[Result "0-1"]
[WhiteElo "2219"]
[BlackElo "2417"]
[PlyCount "60"]
[EventDate "2012.??.??"]
[WhiteTeam "SK Bebenhausen 1992"]
[BlackTeam "TSV Schott Mainz"]

1. g3 g6 2. Bg2 Bg7 3. e4 c5 4. f4 Nc6 5. Nf3 d6 6. O-O e6 7. c3 Nge7 8. Na3
O-O 9. d4 cxd4 10. cxd4 f5 11. e5 dxe5 12. dxe5 Nd5 13. Nc4 Bd7 14. Qb3 h6 15.
Kh1 Kh7 16. Rd1 a5 17. Ne3 a4 18. Qa3 Nb6 19. Bd2 Rf7 20. Rac1 Bf8 21. Qd3 Qe8
22. Nd4 Rd8 23. Nxc6 Bxc6 24. Bxc6 bxc6 25. Qc2 c5 26. Ba5 Rxd1+ 27. Rxd1 Qa8+
28. Kg1 Qxa5 29. g4 Qb4 30. gxf5 gxf5 0-1

[Event "9. LGA Premium Cup 2012"]
[Site "Nürnberg"]
[Date "2012.09.08"]
[Round "5.25"]
[White "Fedorovsky, Michael"]
[Black "Porth, Hartmut"]
[Result "1-0"]
[WhiteElo "2401"]
[BlackElo "2229"]
[PlyCount "79"]
[EventDate "2012.??.??"]
[WhiteTeam "SC Tarrasch 45 München"]
[BlackTeam "SV Bargteheide"]

1. d4 Nc6 2. d5 Ne5 3. e4 e6 4. f4 Ng6 5. dxe6 fxe6 6. Nf3 Nf6 7. Bd3 Ne7 8.
Nc3 d5 9. e5 Nfg8 10. O-O Nh6 11. Ng5 g6 12. Qf3 Bg7 13. Qh3 Nef5 14. Bd2 Qe7
15. Ne2 Nf7 16. Nxf7 Qxf7 17. c4 h5 18. Rac1 c6 19. Qf3 Bd7 20. Qf2 Bf8 21.
cxd5 exd5 22. Nd4 Be6 23. b4 Be7 24. Nb3 Bd8 25. Bxf5 gxf5 26. Be3 Rg8 27. Bxa7
d4 28. Qxd4 b6 29. Bxb6 Rxg2+ 30. Kxg2 Qg8+ 31. Kf3 Bd5+ 32. Ke3 Qg2 33. Bxd8
Rxa2 34. Nd2 Rxd2 35. Qxd2 Qe4+ 36. Kf2 Qf3+ 37. Ke1 Qe4+ 38. Kd1 Bb3+ 39. Rc2
Qc4 40. Re1 1-0

[Event "9. LGA Premium Cup 2012"]
[Site "Nürnberg"]
[Date "2012.09.08"]
[Round "5.26"]
[White "Reich, Thomas"]
[Black "Wulfmeyer, Johannes"]
[Result "1/2-1/2"]
[WhiteElo "2382"]
[BlackElo "2226"]
[PlyCount "137"]
[EventDate "2012.??.??"]
[WhiteTeam "FC Bayern München e.V."]
[BlackTeam "SC Noris-Tarrasch Nürnberg 1873"]

1. d4 Nf6 2. Nf3 e6 3. Bf4 c5 4. e3 b6 5. a4 Be7 6. a5 bxa5 7. c3 O-O 8. Nbd2
d5 9. Bd3 Qb6 10. Ra2 Ba6 11. Bxa6 Qxa6 12. Qe2 Qb6 13. O-O Nc6 14. Ne5 Nxe5
15. Bxe5 Nd7 16. Bg3 Bd6 17. Bxd6 Qxd6 18. Rxa5 c4 19. Rfa1 Rfb8 20. R1a2 f5
21. Nf3 a6 22. g3 Rb6 23. Qc2 h6 24. h4 Ra7 25. Qa4 Qb8 26. Qc2 Qd6 27. Kg2 Qb8
28. Qa4 Kf8 29. Qa3+ Kf7 30. Qa4 Kf8 31. Ra1 Qd6 32. Qa3 Qxa3 33. R1xa3 Ke7 34.
Ra2 Kf6 35. h5 Ra8 36. Kh3 g5 37. hxg6 Kxg6 38. Nh4+ Kf7 39. Ng2 Rab8 40. Rxa6
Rxa6 41. Rxa6 Rxb2 42. Nf4 Nf8 43. Ra7+ Ke8 44. Kg2 Rb3 45. Ne2 Rb2 46. Kf3 Rc2
47. Ra8+ Ke7 48. Ra7+ Nd7 49. Nf4 Rxc3 50. Ng6+ Ke8 51. Kf4 Rb3 52. Ne5 Nxe5
53. Kxe5 Rb6 54. Rh7 Rc6 55. Rxh6 c3 56. Rh1 c2 57. Rc1 Ke7 58. Kf4 Kf6 59. Kf3
Kg5 60. Kg2 Rc3 61. f4+ Kg6 62. Kf2 Kh5 63. Kf3 Rc4 64. Ke2 Kg4 65. Kf2 Kh5 66.
Kf3 Rc6 67. Rh1+ Kg6 68. Rc1 Kh5 69. Rh1+ 1/2-1/2

[Event "9. LGA Premium Cup 2012"]
[Site "Nürnberg"]
[Date "2012.09.08"]
[Round "5.27"]
[White "Höfelsauer, Thomas"]
[Black "Eisenbeiser, Amadeus"]
[Result "1-0"]
[WhiteElo "2217"]
[BlackElo "2378"]
[PlyCount "111"]
[EventDate "2012.??.??"]
[WhiteTeam "Schachklub München Südost e.V."]
[BlackTeam "BG Buchen"]

1. d4 d6 2. Nf3 g6 3. g3 Bg7 4. Bg2 f5 5. O-O Nf6 6. b3 O-O 7. Bb2 c6 8. c4 Qc7
9. d5 Na6 10. Nc3 Nc5 11. Nd4 Bd7 12. b4 Nce4 13. Nxe4 Nxe4 14. Qd3 c5 15. Nb5
Bxb5 16. Bxg7 Kxg7 17. cxb5 Nf6 18. e4 fxe4 19. Bxe4 cxb4 20. Rac1 Qb6 21. Bg2
Rac8 22. Qe2 Rxc1 23. Rxc1 Rf7 24. g4 Nd7 25. Be4 Qd4 26. Kg2 Nb6 27. Qe3 Qe5
28. Bf3 Nd7 29. Qxe5+ Nxe5 30. Be2 Nd7 31. Rc4 Nb6 32. Rxb4 Nxd5 33. Rb3 e5 34.
Kg3 Nf4 35. Bf3 d5 36. b6 a6 37. Rc3 Kf6 38. h4 Ke6 39. g5 Kd6 40. Bd1 Ne6 41.
Rc8 Rf8 42. Rxf8 Nxf8 43. f4 e4 44. Kg4 Nd7 45. h5 d4 46. f5 gxh5+ 47. Kf4 h6
48. gxh6 Nf6 49. Bxh5 Nxh5+ 50. Kg5 e3 51. h7 e2 52. h8=Q e1=Q 53. Qxd4+ Kc6
54. Kxh5 Qh1+ 55. Kg6 Qg2+ 56. Kf6 1-0

[Event "9. LGA Premium Cup 2012"]
[Site "Nürnberg"]
[Date "2012.09.08"]
[Round "5.29"]
[White "Welz, Thomas"]
[Black "Donchenko, Anatoly"]
[Result "1/2-1/2"]
[WhiteElo "2204"]
[BlackElo "2364"]
[PlyCount "31"]
[EventDate "2012.??.??"]
[WhiteTeam "SC Eppingen"]
[BlackTeam "SK 1858 Gießen"]

1. Nf3 Nf6 2. d4 e6 3. e3 c5 4. Be2 b6 5. O-O Bb7 6. c4 Be7 7. Nc3 cxd4 8. Nxd4
a6 9. b3 O-O 10. Bb2 Qc7 11. Rc1 d6 12. Bf3 Nbd7 13. Bxb7 Qxb7 14. Qf3 Qxf3 15.
gxf3 Rfc8 16. Rfd1 1/2-1/2

[Event "9. LGA Premium Cup 2012"]
[Site "Nürnberg"]
[Date "2012.09.08"]
[Round "5.30"]
[White "Klek, Hanna Marie"]
[Black "Troyke, Christian"]
[Result "1-0"]
[WhiteElo "2214"]
[BlackElo "2353"]
[PlyCount "115"]
[EventDate "2012.??.??"]
[WhiteTeam "SC Erlangen 48/88 e.V."]
[BlackTeam "Erfurter Schachklub"]

1. Nf3 g6 2. c4 Bg7 3. Nc3 Nf6 4. e4 O-O 5. d4 d6 6. Be2 c5 7. O-O cxd4 8. Nxd4
Nc6 9. Be3 Bd7 10. Nc2 Qa5 11. f4 Rfc8 12. c5 Nb4 13. Na3 Rxc5 14. Bxc5 Qxc5+
15. Kh1 Bc6 16. Rc1 Qa5 17. Nc4 Qd8 18. a3 Na6 19. e5 Ne8 20. Qe1 b5 21. Ne3
dxe5 22. fxe5 Bxe5 23. Nxb5 Qd7 24. Ng4 Bg7 25. Nc3 Nc5 26. Qf2 Nd3 27. Qxf7+
Kh8 28. Rcd1 Nd6 29. Rxd3 Nxf7 30. Rxd7 Bxd7 31. Rxf7 Rb8 32. Nd1 h5 33. Ne5
Bxe5 34. Rxe7 Re8 35. Rxd7 Bxb2 36. Rd2 Bxa3 37. g3 Re7 38. Kg2 a5 39. Nf2 Bb4
40. Ra2 Ra7 41. Nd3 Bd6 42. Ra4 Kg7 43. Bf3 Kh6 44. Rd4 Be7 45. Bc6 Rc7 46. Rd7
Rxd7 47. Bxd7 g5 48. h3 Kg7 49. Be8 h4 50. g4 Kf6 51. Bd7 Bd8 52. Kf3 Ke7 53.
Ba4 Ke6 54. Ke4 Kf6 55. Kd5 Bb6 56. Nb2 Bf2 57. Nc4 Be1 58. Nd6 1-0

[Event "9. LGA Premium Cup 2012"]
[Site "Nürnberg"]
[Date "2012.09.08"]
[Round "5.31"]
[White "Kannenberg, Karl-Heinz"]
[Black "Berchtenbreiter, Maximilian"]
[Result "0-1"]
[WhiteElo "2199"]
[BlackElo "2328"]
[PlyCount "94"]
[EventDate "2012.??.??"]
[WhiteTeam "SC Kitzingen von 1905"]
[BlackTeam "SGem Pang/Rosenheim"]

1. d4 Nf6 2. Nf3 e6 3. e3 c5 4. c3 b6 5. Nbd2 Bb7 6. Bd3 cxd4 7. exd4 Be7 8.
O-O O-O 9. Re1 Na6 10. Qe2 Nc7 11. c4 Re8 12. b3 Bf8 13. Bb2 a5 14. Nf1 a4 15.
Ng3 b5 16. Nd2 a3 17. Bc1 bxc4 18. bxc4 d5 19. Rb1 dxc4 20. Bxc4 Bd5 21. Nb3
Bxc4 22. Qxc4 Qd7 23. Ne4 Nxe4 24. Rxe4 Nd5 25. Bd2 Ra4 26. Qd3 Rc8 27. Rh4 g6
28. Bh6 Be7 29. Rh3 Rb4 30. Qd2 Bf6 31. Rc1 Ra8 32. Rf3 Bh8 33. h3 Qa7 34. Qc2
Rbb8 35. Qc4 Qe7 36. Nc5 Qh4 37. Be3 Rb4 38. Qe2 Bxd4 39. Bxd4 Qxd4 40. Nxe6
Qb2 41. Rc2 Re8 42. Rxf7 Kxf7 43. Ng5+ Kg7 44. Qxe8 Qxc2 45. Qd7+ Kf6 46. Qd6+
Kxg5 47. Qxd5+ Kh6 0-1

[Event "9. LGA Premium Cup 2012"]
[Site "Nürnberg"]
[Date "2012.09.08"]
[Round "5.32"]
[White "Siedentopf, Daniel"]
[Black "Reis, Gerhard"]
[Result "0-1"]
[WhiteElo "2310"]
[BlackElo "2215"]
[PlyCount "58"]
[EventDate "2012.??.??"]
[WhiteTeam "SG Grün-Weiß Dresden"]
[BlackTeam "SW Nürnberg Süd e.V."]

1. d4 Nf6 2. c4 g6 3. Nc3 d5 4. Nf3 Bg7 5. Bf4 O-O 6. Rc1 c5 7. dxc5 Be6 8. Nd4
Na6 9. c6 Bc8 10. e3 Nh5 11. c7 Qd7 12. cxd5 Nxf4 13. exf4 Nxc7 14. Nf3 Bxc3+
15. Rxc3 Nxd5 16. Rd3 Qe6+ 17. Kd2 Nxf4 18. Rd4 Qf6 19. Kc1 Bg4 20. Qd2 Rac8+
21. Kb1 Ne6 22. Rc4 Rcd8 23. Qe3 Rd1+ 24. Kc2 Bxf3 25. gxf3 Rfd8 26. Bg2 Nd4+
27. Kxd1 Nf5+ 28. Qd2 Rxd2+ 29. Kxd2 Qg5+ 0-1

[Event "9. LGA Premium Cup 2012"]
[Site "Nürnberg"]
[Date "2012.09.08"]
[Round "5.33"]
[White "Bauer, Andreas"]
[Black "Heidrich, Manfred"]
[Result "1/2-1/2"]
[WhiteElo "2195"]
[BlackElo "2309"]
[PlyCount "105"]
[EventDate "2012.??.??"]
[WhiteTeam "SC Postbauer-Heng e.V"]
[BlackTeam "SC Forchheim e.V."]

1. Nf3 f5 2. b3 d6 3. d4 Nf6 4. Bb2 g6 5. Nbd2 Bg7 6. g3 O-O 7. Bg2 Nc6 8. O-O
Qe8 9. c4 e5 10. d5 Nd8 11. e4 Nf7 12. Qe2 f4 13. gxf4 exf4 14. e5 Ng4 15. Rae1
Ngxe5 16. Nxe5 Nxe5 17. Nf3 Bg4 18. Bxe5 Bxe5 19. h3 Bxf3 20. Bxf3 h5 21. Kg2
Kg7 22. Rg1 Kh6 23. c5 Rg8 24. cxd6 cxd6 25. Rc1 Rc8 26. Rxc8 Qxc8 27. Qc4 Qxc4
28. bxc4 Rc8 29. Be2 Rc5 30. Rc1 Ra5 31. Rc2 Ra3 32. Bf3 b6 33. Be4 Kg5 34. f3
Kf6 35. h4 Bc3 36. Kf1 g5 37. hxg5+ Kxg5 38. Rg2+ Kf6 39. Rg6+ Ke7 40. Re6+ Kd7
41. Bf5 Bb4 42. Re3+ Kd8 43. Rxa3 Bxa3 44. Kg2 Ke7 45. Bg6 h4 46. Kh3 Kf6 47.
Be8 Kg5 48. Bd7 Bb4 49. a4 Be1 50. Kg2 Kf6 51. Kf1 Bb4 52. Ke2 Ke5 53. Kd3
1/2-1/2

[Event "9. LGA Premium Cup 2012"]
[Site "Nürnberg"]
[Date "2012.09.08"]
[Round "5.35"]
[White "Köpke, Christian"]
[Black "Winterholler, Christina"]
[Result "1-0"]
[WhiteElo "2364"]
[BlackElo "1856"]
[PlyCount "57"]
[EventDate "2012.??.??"]
[WhiteTeam "SC Garching 1980 e.V."]
[BlackTeam "SK Ingolstadt"]

1. c4 e5 2. g3 Nf6 3. Bg2 h6 4. Nc3 Bb4 5. Nf3 Bxc3 6. bxc3 d6 7. O-O c6 8. d3
O-O 9. e4 Re8 10. Re1 Nbd7 11. Ba3 Qc7 12. Rb1 b6 13. Nh4 g6 14. Qd2 Kg7 15.
Rf1 Bb7 16. Rbe1 Nc5 17. Bc1 Ng8 18. f4 Rad8 19. Qe2 Qd7 20. f5 d5 21. Bh3 Nf6
22. fxg6 Qxh3 23. Bxh6+ Kxh6 24. Rxf6 Re6 25. Qe3+ Kh5 26. Rf5+ Qxf5 27. exf5
Re7 28. Nf3 f6 29. h3 1-0

[Event "9. LGA Premium Cup 2012"]
[Site "Nürnberg"]
[Date "2012.09.08"]
[Round "5.36"]
[White "Schellmann, Frank"]
[Black "Zahn, Alina"]
[Result "1/2-1/2"]
[WhiteElo "2120"]
[BlackElo "1884"]
[PlyCount "60"]
[EventDate "2012.??.??"]
[WhiteTeam "Deutscher Blinden- und Sehbehind"]
[BlackTeam "SV Empor Erfurt"]

1. e4 e5 2. Nf3 Nc6 3. Bc4 Bc5 4. c3 Nf6 5. d3 O-O 6. b4 Be7 7. b5 Na5 8. Nxe5
Nxc4 9. Nxc4 d5 10. exd5 Qxd5 11. Ne3 Qxb5 12. O-O b6 13. c4 Qd7 14. Nc3 Bb7
15. Qc2 Rad8 16. Rd1 c5 17. h3 Bd6 18. Bb2 Be5 19. Ne2 Bd4 20. Bxd4 cxd4 21.
Nf1 Qc6 22. f3 Rfe8 23. Neg3 Nd5 24. Re1 Nf4 25. Ne2 Nh5 26. Qd2 Qg6 27. Kf2
Qf6 28. Kg1 Qg6 29. Kh2 Qd6+ 30. Kg1 Qg6 1/2-1/2

[Event "9. LGA Premium Cup 2012"]
[Site "Nürnberg"]
[Date "2012.09.08"]
[Round "5.37"]
[White "Hilverda, Alexander"]
[Black "Nabavi, Parwis"]
[Result "1-0"]
[WhiteElo "2333"]
[BlackElo "2181"]
[PlyCount "143"]
[EventDate "2012.??.??"]
[WhiteTeam "SC Erlangen 48/88 e.V."]
[BlackTeam "SGEM Dreisamtal"]

1. d4 d5 2. c4 e6 3. Nc3 Nf6 4. cxd5 exd5 5. Bg5 Be7 6. e3 c6 7. Qc2 Nbd7 8.
Bd3 O-O 9. Nge2 Re8 10. O-O Nf8 11. f3 Be6 12. Rad1 Ng6 13. Ng3 Rc8 14. Rfe1
Nd7 15. Bxe7 Qxe7 16. f4 Bg4 17. Rc1 Qh4 18. Qf2 Ngf8 19. Nh1 Qh6 20. h3 Bh5
21. g4 Bg6 22. f5 Qxh3 23. Qg3 Qxg3+ 24. Nxg3 Nf6 25. fxg6 hxg6 26. e4 dxe4 27.
Ncxe4 Nxg4 28. Bc4 Nh6 29. Nd6 Rxe1+ 30. Rxe1 Rc7 31. Rf1 Rd7 32. Nge4 Nh7 33.
d5 Kf8 34. dxc6 bxc6 35. Bb3 Nf6 36. Rc1 Nxe4 37. Nxe4 Rd4 38. Nf2 Rd2 39. Nd1
Nf5 40. Bc4 Nd4 41. Kf1 Nf3 42. Rc3 Ne5 43. Be2 Ke7 44. Ra3 Rd7 45. Nf2 Rb7 46.
Re3 Kd6 47. b3 f5 48. Nd3 Re7 49. Nxe5 Rxe5 50. Rg3 Re6 51. Bc4 Rf6 52. Ke2 Ke7
53. Re3+ Kd7 54. Rh3 g5 55. Rh7 Rg6 56. Bf7 Rh6 57. Rxg7 Rh2+ 58. Ke3 Rxa2 59.
Rxg5 f4+ 60. Kd4 f3 61. Rf5 f2 62. Bc4 Kc7 63. b4 Rd2+ 64. Kc5 Rd7 65. Rxf2 Rg7
66. Rf7+ Rxf7 67. Bxf7 Kb7 68. Be8 Ka6 69. Bd7 Kb7 70. Bxc6+ Kc7 71. Kb5 a6+
72. Kxa6 1-0

[Event "9. LGA Premium Cup 2012"]
[Site "Nürnberg"]
[Date "2012.09.08"]
[Round "5.38"]
[White "Espig, Lutz"]
[Black "Miller, Eduard"]
[Result "1-0"]
[WhiteElo "2329"]
[BlackElo "2147"]
[PlyCount "85"]
[EventDate "2012.??.??"]
[WhiteTeam "Schachklub König Plauen"]
[BlackTeam "SC Forchheim e.V."]

1. Nf3 g6 2. e4 Bg7 3. d4 c5 4. c4 cxd4 5. Nxd4 Nc6 6. Be3 Nf6 7. Nc3 d6 8. Be2
O-O 9. O-O Bd7 10. Rc1 Nxd4 11. Bxd4 Bc6 12. f3 Nd7 13. Be3 a5 14. Qd2 Nc5 15.
b3 Qb6 16. Rfd1 Rfc8 17. Nd5 Bxd5 18. cxd5 Qb4 19. Rc2 Qxd2 20. Bxd2 Bd4+ 21.
Kf1 e5 22. dxe6 Nxe6 23. Rxc8+ Rxc8 24. Bxa5 Ra8 25. Bb4 Rxa2 26. Bxd6 Rb2 27.
Bc4 Be3 28. Rd3 Bb6 29. Be5 Rf2+ 30. Ke1 Rxg2 31. Rd7 Rg1+ 32. Ke2 Rg2+ 33. Kd1
Rg1+ 34. Kc2 Rg2+ 35. Kb1 Bc5 36. Rxb7 Rg1+ 37. Kc2 Rg2+ 38. Kd3 Rf2 39. Rb8+
Nf8 40. f4 Rxh2 41. b4 Rh3+ 42. Kc2 Rh2+ 43. Kb3 1-0

[Event "9. LGA Premium Cup 2012"]
[Site "Nürnberg"]
[Date "2012.09.08"]
[Round "5.41"]
[White "Nuber, Korbinian"]
[Black "Zier, Oliver"]
[Result "1/2-1/2"]
[WhiteElo "2302"]
[BlackElo "2154"]
[PlyCount "54"]
[EventDate "2012.??.??"]
[WhiteTeam "SC Dillingen"]
[BlackTeam "TSV Bindlach Aktionär-Schachabte"]

1. e4 e6 2. d4 d5 3. Bd3 dxe4 4. Bxe4 Nf6 5. Bf3 c5 6. Ne2 Nc6 7. Be3 cxd4 8.
Nxd4 Ne5 9. Nc3 Bb4 10. Ndb5 Bd7 11. a3 Bxc3+ 12. Nxc3 Qc7 13. Bf4 O-O 14. Bxe5
Qxe5+ 15. Qe2 Qxe2+ 16. Nxe2 Rac8 17. O-O-O Bc6 18. Bxc6 Rxc6 19. Nd4 Rc5 20.
Rd2 h5 21. Re1 Rfc8 22. Nf3 g6 23. h3 Kg7 24. Ne5 Nd5 25. g3 b5 26. Kb1 h4 27.
Nf3 hxg3 1/2-1/2

[Event "9. LGA Premium Cup 2012"]
[Site "Nürnberg"]
[Date "2012.09.08"]
[Round "5.42"]
[White "Krauß, Josef"]
[Black "Löw, Gerald"]
[Result "1/2-1/2"]
[WhiteElo "2125"]
[BlackElo "2270"]
[PlyCount "70"]
[EventDate "2012.??.??"]
[WhiteTeam "Schachklub Schweinfurt 2000 e.V."]
[BlackTeam "TSV Bindlach Aktionär-Schachabte"]

1. e4 c5 2. c3 g6 3. d4 cxd4 4. cxd4 d5 5. Nc3 dxe4 6. Bc4 Nf6 7. Qb3 e6 8. d5
Qb6 9. Qxb6 axb6 10. dxe6 Bxe6 11. Bxe6 fxe6 12. Nge2 Nbd7 13. O-O Bd6 14. Bf4
Bxf4 15. Nxf4 Ke7 16. f3 g5 17. Nh3 exf3 18. Nxg5 fxg2 19. Rfe1 e5 20. Re2 Rac8
21. Rae1 Rc5 22. Nf3 Rg8 23. Nxe5 Nxe5 24. Rxe5+ Rxe5 25. Rxe5+ Kd6 26. Re2 Kc5
27. Ne4+ Nxe4 28. Rxe4 b5 29. b4+ Kd5 30. Rh4 Rg7 31. a3 b6 32. Rf4 Ra7 33. Rf3
Rg7 34. Rf4 Ra7 35. Rf3 Rg7 1/2-1/2